000 00273nam a2200109Ia 4500
008 190914s9999||||xx |||||||||||||| ||und||
100 _aCarroll W. Frenzel
245 0 _aManagement of Information Technology
260 _aLondon
_bAddison
_c1985
300 _a501
942 _cBK
999 _c8518
_d8518